Boca final Fluminense 11 Inicial - Estadísticas

Estadísticas generales
  • Esta prueba ha sido intentada 162 veces
  • La puntuación promedio es 10 de 11
Estadísticas de respuestas
Jugador % Correcto
17 Advincula
99%
16 Merentiel
99%
1 Romero
99%
10 Cavani
98%
18 Fabra
97%
21 E. Fernandez
95%
8 G. Fernandez
94%
4 Figal
93%
19 V. Barco
92%
36 Medina
87%
15 Valentini
85%
No se encontraron pruebas coincidentes
Distribución de puntuación
Porcentaje de gente con cada puntuación
Porcentaje por número respondido
Historial de tus puntuaciones
No has intentado esta prueba.